000
00245nam a2200097Ia 4500
008
220204s9999 xx 000 0 und d
100
_a
Dale, Ernest
245
0
_a
Management: Theory and practice
260
_a
Tokyo
_b
McGraw Hill
_c
1973
942
_c
BK
999
_c
23700
_d
23700